[Event "Online Olym Div2 C 2021"]
[Site "chess.com INT"]
[Date "2021.09.02"]
[Round "2.3"]
[Board "2"]
[White "Fidalgo, Andre Neves"]
[Black "Tomic, Aleksandar"]
[Result "0-1"]
[BlackTitle "FM"]
[WhiteElo "2263"]
[BlackElo "2327"]
[WhiteTeam "Portugal"]
[BlackTeam "Montenegro"]
[WhiteFideId "1933620"]
[BlackFideId "16501799"]
[EventDate "2021.09.02"]
[EventType "team"]

1. d4 e6 2. c4 Bb4+ 3. Nd2 c5 4. Nf3 cxd4 5. Nxd4 Nc6 6. Nf3 a5 7. g3 Nf6 8. Bg2
O-O 9. O-O d5 10. cxd5 Qxd5 11. a3 Bxd2 12. Nxd2 Qb5 13. e3 Rd8 14. Qc2 Qe2 15.
Qc5 a4 16. Bf3 Qd3 17. Qc3 Qxc3 18. bxc3 Na5 19. Rb1 Bd7 20. Rb4 Rab8 21. c4 Be8
22. Ne4 Nd7 23. Nd6 Ne5 24. Nxe8 Nxf3+ 25. Kg2 Ne5 26. Rxa4 Nb3 27. Nc7 Nd3 28.
Bb2 Nxb2 29. Rb4 Nd2 30. Rxb2 Nxf1 31. Kxf1 Rdc8 32. Nb5 Rxc4 33. Nd6 Ra4 34.
Rb3 Rba8 35. Rxb7 R4a7 36. Rb4 Rxa3 37. Rb7 R3a7 38. Rb4 Rd7 39. Ne4 h6 40. Rb2
Rc8 41. Ke2 Rdc7 42. Kf3 Rc2 43. Rb7 R8c7 44. Rb8+ Kh7 45. Nd6 Rd7 0-1

[Event "Online Olym Div2 C 2021"]
[Site "chess.com INT"]
[Date "2021.09.02"]
[Round "2.3"]
[Board "3"]
[White "Milovic, Aleksandra"]
[Black "Jorge, Rita Maria Osorio"]
[Result "1-0"]
[WhiteTitle "WIM"]
[BlackTitle "WFM"]
[WhiteElo "2129"]
[BlackElo "1961"]
[WhiteTeam "Montenegro"]
[BlackTeam "Portugal"]
[WhiteFideId "933988"]
[BlackFideId "1923161"]
[EventDate "2021.09.02"]
[EventType "team"]

1. Nc3 Nf6 2. d4 g6 3. Bg5 Bg7 4. h4 d6 5. Bxf6 Bxf6 6. h5 O-O 7. Qd2 e6 8. Nf3
Nc6 9. hxg6 fxg6 10. Qh6 Qe7 11. e3 Bd7 12. Ne4 Qg7 13. Qh2 Nb4 14. O-O-O Nxa2+
15. Kb1 Nb4 16. g4 Bc6 17. Bd3 Nxd3 18. cxd3 Bd5 19. g5 Be7 20. Qg3 Bb3 21. Rc1
c5 22. Rh4 Rf7 23. dxc5 dxc5 24. Ne5 Rf5 25. f4 h5 26. gxh6 Bxh4 27. Qxh4 Qc7
28. h7+ Qxh7 29. Nf6+ Rxf6 30. Qxf6 Rf8 31. Qxg6+ Qxg6 32. Nxg6 Rf6 33. Ne5 b6
34. Rg1+ Kh7 35. Kc1 Rh6 36. Ng4 Rh3 37. Kd2 Kh8 38. Kc3 Bd5 39. Nf6 e5 40. Nxd5
Kh7 41. fxe5 Rh5 42. Nf6+ 1-0

[Event "Online Olym Div2 C 2021"]
[Site "chess.com INT"]
[Date "2021.09.02"]
[Round "2.3"]
[Board "4"]
[White "Monteiro, Sara Cristina da Silva"]
[Black "Koljevic, Nikolina"]
[Result "1-0"]
[WhiteTitle "WCM"]
[WhiteElo "1662"]
[BlackElo "1950"]
[WhiteTeam "Portugal"]
[BlackTeam "Montenegro"]
[WhiteFideId "1909860"]
[BlackFideId "16503945"]
[EventDate "2021.09.02"]
[EventType "team"]

1. d4 Nf6 2. Bg5 d5 3. Nf3 Ne4 4. Bh4 c5 5. c3 Qb6 6. Qc2 Bf5 7. Qb3 e6 8. Nbd2
Nc6 9. e3 Bd6 10. dxc5 Bxc5 11. Bb5 O-O 12. Bxc6 bxc6 13. Nd4 Bxd4 14. exd4 Qa6
15. Nxe4 Bxe4 16. f3 Bg6 17. Qd1 Rab8 18. b3 Qa5 19. O-O Qxc3 20. Rc1 Qb2 21.
Be7 Rfc8 22. Rf2 1-0

[Event "Online Olym Div2 C 2021"]
[Site "chess.com INT"]
[Date "2021.09.02"]
[Round "2.3"]
[Board "5"]
[White "Miletic, Vuk"]
[Black "Veiga, Jose Francisco R P Neves"]
[Result "0-1"]
[BlackTitle "FM"]
[WhiteElo "2249"]
[BlackElo "2369"]
[WhiteTeam "Montenegro"]
[BlackTeam "Portugal"]
[WhiteFideId "16503406"]
[BlackFideId "1930087"]
[EventDate "2021.09.02"]
[EventType "team"]

1. Nf3 Nf6 2. c4 g6 3. Nc3 Bg7 4. d4 O-O 5. e4 d6 6. Be2 c5 7. O-O Bg4 8. d5 e6
9. h3 Bxf3 10. Bxf3 exd5 11. exd5 a6 12. Bf4 Ne8 13. Qd2 Nd7 14. Be3 Rb8 15. a4
f5 16. Rfe1 Ne5 17. Be2 Nc7 18. Bg5 Bf6 19. Bxf6 Qxf6 20. f4 Nd7 21. Bf3 Rfe8
22. a5 Kg7 23. Na4 Rxe1+ 24. Rxe1 Re8 25. Rxe8 Nxe8 26. Qe3 Nc7 27. g4 Qh4 28.
Kg2 Qf6 29. g5 Qd8 30. Qc3+ Kg8 31. b4 Ne8 32. b5 Qc7 33. b6 Qd8 34. Nb2 Qe7 35.
Kf2 h6 36. h4 hxg5 37. hxg5 Qh7 38. Kg2 Nf8 39. Be2 Qe7 40. Bf3 Qd7 41. Bd1 Qe7
42. Bf3 Ng7 43. Kf2 Nh5 44. Qe3 Qg7 45. Nd3 Qc3 46. Bxh5 gxh5 47. Ke2 Qxc4 48.
Qh3 Qe4+ 49. Qe3 Qxd5 50. Nf2 Ne6 51. Nd3 Qe4 52. Nf2 Nxf4+ 53. Kd2 Qxe3+ 54.
Kxe3 Ne6 0-1

[Event "Online Olym Div2 C 2021"]
[Site "chess.com INT"]
[Date "2021.09.02"]
[Round "2.3"]
[Board "6"]
[White "Soares, Sara Joana De Moura Pe"]
[Black "Popovic, Mateja"]
[Result "0-1"]
[WhiteElo "1518"]
[BlackElo "1714"]
[WhiteTeam "Portugal"]
[BlackTeam "Montenegro"]
[WhiteFideId "1948172"]
[BlackFideId "16504518"]
[EventDate "2021.09.02"]
[EventType "team"]

1. d4 d5 2. c4 e6 3. Nc3 Nf6 4. cxd5 exd5 5. Bg5 Be7 6. e3 O-O 7. Bd3 Nbd7 8.
Nf3 c5 9. dxc5 Nxc5 10. Bc2 Be6 11. O-O h6 12. Bf4 Qb6 13. Rb1 Nce4 14. Nxe4
dxe4 15. Nd4 Bxa2 16. Ra1 Qxb2 17. Qd2 Bb4 18. Qe2 Rac8 19. Rfc1 Bc3 20. Nb3 Qa3
21. Bd1 Bxa1 22. Rxa1 Rfd8 23. h3 Rxd1+ 24. Qxd1 Qxb3 25. Qd4 a6 26. Be5 Ne8 27.
Qd7 Qe6 28. Qxb7 Qxe5 29. Rxa2 Rc1# 0-1

[Event "Online Olym Div2 C 2021"]
[Site "chess.com INT"]
[Date "2021.09.02"]
[Round "2.4"]
[Board "1"]
[White "Aagaard, Jacob"]
[Black "Masango, Spencer"]
[Result "1-0"]
[WhiteTitle "GM"]
[WhiteElo "2477"]
[BlackElo "2101"]
[WhiteTeam "Scotland"]
[BlackTeam "Zimbabwe"]
[WhiteFideId "1401815"]
[BlackFideId "14300753"]
[EventDate "2021.09.02"]
[EventType "team"]

1. e4 e5 2. Nf3 Nc6 3. Bb5 a6 4. Ba4 Nf6 5. O-O b5 6. Bb3 Be7 7. d3 O-O 8. a4 b4
9. a5 d5 10. exd5 Nxd5 11. h3 Kh8 12. Re1 f6 13. Nbd2 Rb8 14. Nc4 Re8 15. Bd2
Bf8 16. Qe2 Bf5 17. Ba4 Re6 18. Nh4 Bg6 19. Nxg6+ hxg6 20. c3 bxc3 21. bxc3 Nce7
22. d4 e4 23. Rac1 Nf5 24. Qg4 Kh7 25. Rxe4 Rxe4 26. Qxe4 c5 27. dxc5 Bxc5 28.
Rd1 Bd6 29. Nxd6 Qxd6 30. Be1 Qf4 31. Bc2 Qxe4 32. Bxe4 Nf4 33. Rb1 Rxb1 34.
Bxb1 Nd6 35. Bd2 Ne6 36. Bd3 Nc5 37. Be2 Nb3 38. Bf4 Ne4 39. Bc7 Nxc3 40. Bxa6
Nd5 41. Bc4 Nxc7 42. Bxb3 Nb5 43. f4 g5 44. fxg5 fxg5 45. Ba4 Na7 46. Kf2 Kg6
47. Kg3 Kf5 48. Bd7+ Kf6 49. Kg4 Ke7 50. Ba4 Kf6 51. a6 Nc8 52. Bc6 Na7 53. Bb7
Nb5 54. Kf3 Ke5 55. Ke3 Na7 56. Kd3 Kd6 57. Ke4 Ke6 58. Bd5+ Kd6 59. Bc4 Kc5 60.
Be2 Nc6 61. Kf5 Kb6 62. Kxg5 Nd4 63. Bd3 Ne6+ 64. Kf5 Nd4+ 65. Kg6 Ne6 66. Bf1 1-0

[Event "Online Olym Div2 C 2021"]
[Site "chess.com INT"]
[Date "2021.09.02"]
[Round "2.4"]
[Board "2"]
[White "Mwadzura, Roy"]
[Black "Abdulla, Murad"]
[Result "1-0"]
[BlackTitle "FM"]
[WhiteElo "2017"]
[BlackElo "2287"]
[WhiteTeam "Zimbabwe"]
[BlackTeam "Scotland"]
[WhiteFideId "11004436"]
[BlackFideId "2403757"]
[EventDate "2021.09.02"]
[EventType "team"]

1. e4 c5 2. d3 Nc6 3. g3 g6 4. Bg2 Bg7 5. c3 e6 6. Ne2 Nge7 7. O-O O-O 8. Be3 b6
9. f4 Bb7 10. a4 Rc8 11. Na3 d6 12. d4 cxd4 13. Nxd4 d5 14. e5 Nxd4 15. Bxd4 Qd7
16. Re1 Bc6 17. Nb1 Nf5 18. Bf2 h5 19. Nd2 Rfd8 20. Nf3 Qb7 21. Bd4 a5 22. Qd2
Ra8 23. Qf2 Rdb8 24. Bf1 b5 25. axb5 Bxb5 26. Bxb5 Qxb5 27. Ra2 Bf8 28. Rea1 Ra6
29. h3 Nh6 30. Kh2 Rba8 31. Qc2 a4 32. Bf2 a3 33. bxa3 Rxa3 34. Rxa3 Rxa3 35.
Nd4 Qa6 36. Rxa3 Qxa3 37. Kg2 Qa6 38. Nf3 Nf5 39. g4 hxg4 40. hxg4 Ne7 41. Bc5
Qc4 42. Bd4 Bh6 43. Kg3 Nc6 44. f5 exf5 45. gxf5 Ne7 46. fxg6 fxg6 47. e6 Qc6
48. Qe2 Qd6+ 49. Kf2 Qf4 50. Bc5 Bf8 51. Qe5 Qxe5 52. Nxe5 Kg7 53. Nd7 g5 54.
Kf3 Ng6 55. Bd4+ Kg8 56. Kg4 Be7 57. Bf6 Bxf6 58. Nxf6+ Kf8 59. Kxg5 Ne5 60.
Nxd5 Nc6 61. Kf6 Ke8 62. e7 Kd7 63. c4 Nxe7 64. Nxe7 Kd6 65. Nd5 Kc5 66. Ne3 Kd4
67. Ke6 Kc5 68. Ke5 Kc6 69. Kd4 Kd6 70. c5+ Kc6 71. Kc4 Kc7 72. Kd5 Kd7 73. c6+
Kc7 74. Kc5 Kc8 75. Kd6 Kd8 76. c7+ Kc8 77. Nd5 Kb7 78. Kd7 Ka7 79. Kc6 1-0

[Event "Online Olym Div2 C 2021"]
[Site "chess.com INT"]
[Date "2021.09.02"]
[Round "2.4"]
[Board "3"]
[White "Cooke, Suzie G."]
[Black "Charinda, Kudzanayi"]
[Result "0-1"]
[WhiteTitle "WFM"]
[BlackTitle "WCM"]
[WhiteElo "1915"]
[BlackElo "1728"]
[WhiteTeam "Scotland"]
[BlackTeam "Zimbabwe"]
[WhiteFideId "414930"]
[BlackFideId "11000538"]
[EventDate "2021.09.02"]
[EventType "team"]

1. d4 Nf6 2. Bf4 e6 3. Nd2 Be7 4. e4 d6 5. c3 O-O 6. e5 dxe5 7. Bxe5 Nbd7 8. Bg3
c5 9. Ngf3 cxd4 10. Nxd4 Nb6 11. Bd3 Bd7 12. O-O Rc8 13. Re1 Bc6 14. Qe2 Qd7 15.
Nxc6 Qxc6 16. Ne4 Rfd8 17. Rad1 Nbd5 18. Be5 Qb6 19. Bb1 g6 20. c4 Nxe4 21. Qxe4
Nf6 22. Qf4 Rxd1 23. Rxd1 Nh5 24. Qe4 Rd8 25. Bd4 Qc7 26. Re1 Bf6 27. Bxf6 Nxf6
28. Qf3 Kg7 29. b3 b6 30. h3 Qd7 31. Bc2 Qd2 32. Rd1 Qxc2 33. Rxd8 Qxa2 34. Ra8
a5 35. Qb7 Qa1+ 36. Kh2 Qe5+ 37. g3 Qd4 38. Kg2 Ne4 39. Kh1 Nxf2+ 40. Kg2 Ne4
41. Rg8+ Kxg8 42. Qb8+ Kg7 43. Qf4 Qd2+ 44. Kg1 Qxf4 45. gxf4 Nd2 46. Kf2 Nxb3
47. Ke3 Nc5 48. Kd4 a4 49. Kc3 f6 50. Kb4 g5 51. fxg5 fxg5 0-1

[Event "Online Olym Div2 C 2021"]
[Site "chess.com INT"]
[Date "2021.09.02"]
[Round "2.4"]
[Board "4"]
[White "Makwena, Christine"]
[Black "Roy, Ali"]
[Result "1/2-1/2"]
[WhiteElo "1614"]
[BlackElo "1878"]
[WhiteTeam "Zimbabwe"]
[BlackTeam "Scotland"]
[WhiteFideId "11003391"]
[BlackFideId "2400456"]
[EventDate "2021.09.02"]
[EventType "team"]

1. d4 d5 2. Bg5 Nf6 3. Bxf6 exf6 4. e3 Bd6 5. Bd3 O-O 6. Nf3 Nd7 7. c3 c6 8. Qc2
h6 9. Nbd2 Qe7 10. O-O c5 11. Rfe1 c4 12. Bf1 Nb6 13. e4 dxe4 14. Qxe4 Qc7 15.
h3 f5 16. Qc2 Be6 17. Nh4 Qd7 18. Rad1 g5 19. Nhf3 Bc7 20. Ne5 Qd6 21. g3 f4 22.
Ne4 Qe7 23. Nc5 fxg3 24. fxg3 Bd5 25. Nxc4 Qf6 26. Ne5 Qe7 27. Bg2 Bxg2 28. Qxg2
Qd6 29. Ne4 Qe6 30. Ng4 Qc6 31. Nef6+ Kh8 32. Qxc6 bxc6 33. Kg2 Nd5 34. c4 Nxf6
35. Nxf6 Kg7 36. Ng4 Rae8 37. d5 f5 38. Nf2 cxd5 39. cxd5 Bd6 40. Nd3 Kf6 41. a3
Re4 42. Rxe4 fxe4 43. Nf2 Re8 44. Ng4+ Kg7 45. Re1 h5 46. Ne3 Kf6 47. g4 h4 48.
Nf5 Bc5 49. b4 Bb6 50. Kf1 Ke5 51. Rd1 Rd8 52. d6 e3 53. Ke2 Ke6 54. Nxe3 Rxd6
55. Rxd6+ Kxd6 56. Nc4+ Kd5 57. Nxb6+ axb6 58. Ke3 Kc4 59. Ke4 Kb3 60. b5 Kxa3
61. Kd5 Ka4 62. Ke5 Kxb5 63. Kf5 Kc5 64. Kxg5 b5 65. Kf4 b4 66. g5 b3 67. g6 b2
68. g7 b1=Q 69. g8=Q Qf1+ 70. Ke5 Qe2+ 71. Kf6 Qf3+ 72. Ke7 Qxh3 73. Qg5+ Kd4
74. Qf4+ Kd5 75. Qg5+ Ke4 76. Qg6+ Qf5 77. Qg2+ Qf3 78. Qg6+ Qf5 79. Qg2+ Qf3
80. Qg6+ Qf5 1/2-1/2

[Event "Online Olym Div2 C 2021"]
[Site "chess.com INT"]
[Date "2021.09.02"]
[Round "2.4"]
[Board "5"]
[White "Sanger, Jake M"]
[Black "Mureya Terrence"]
[Result "1-0"]
[WhiteElo "1936"]
[BlackElo "1868"]
[WhiteTeam "Scotland"]
[BlackTeam "Zimbabwe"]
[WhiteFideId "2406136"]
[BlackFideId "11011483"]
[EventDate "2021.09.02"]
[EventType "team"]

1. d4 Nf6 2. c4 e6 3. Nf3 d5 4. Nc3 Be7 5. cxd5 exd5 6. Bg5 O-O 7. e3 Nbd7 8.
Bd3 h6 9. Bh4 Re8 10. O-O c6 11. Qc2 Ne4 12. Bxe7 Qxe7 13. b4 Ng5 14. Nxg5 Qxg5
15. b5 Nf6 16. Ne2 cxb5 17. Bxb5 Bf5 18. Bd3 Rac8 19. Qb3 Bxd3 20. Qxd3 Ne4 21.
Nf4 Rc3 22. Qb5 Rd8 23. Rac1 b6 24. Rxc3 Nxc3 25. Qd3 Ne4 26. Rc1 Qe7 27. Qc2 g5
28. Nd3 Nd6 29. Qc7 Kf8 30. Nb4 Rc8 31. Qxe7+ Kxe7 32. Rxc8 Nxc8 33. Nxd5+ Ke6
34. Nc3 a6 35. Kf1 f5 36. Ke2 Kd6 37. Kd3 b5 38. f3 Nb6 39. e4 Ke6 40. g3 Nc4
41. a4 Nd6 42. axb5 axb5 43. e5 Nc4 44. Nxb5 Nb2+ 45. Kc3 Nd1+ 46. Kd3 Nb2+ 47.
Kc2 Nc4 48. Nc7+ Kd7 49. Nd5 Ke6 50. Nf6 Ne3+ 51. Kd3 Nf1 52. f4 Nxh2 53. d5+
Ke7 54. Ke2 Ng4 55. Nxg4 fxg4 56. fxg5 hxg5 57. Ke3 Kf7 58. Ke4 Kg6 59. d6 Kf7
60. Kf5 Kg7 61. d7 1-0

[Event "Online Olym Div2 C 2021"]
[Site "chess.com INT"]
[Date "2021.09.02"]
[Round "2.5"]
[Board "1"]
[White "Liyanage, Ranindu Dilshan"]
[Black "Agdestein, Simen"]
[Result "0-1"]
[WhiteTitle "CM"]
[BlackTitle "GM"]
[WhiteElo "2197"]
[BlackElo "2552"]
[WhiteTeam "Sri Lanka"]
[BlackTeam "Norway"]
[WhiteFideId "9915834"]
[BlackFideId "1500015"]
[EventDate "2021.09.02"]
[EventType "team"]

1. e4 c5 2. Nf3 d6 3. d4 cxd4 4. Nxd4 Nf6 5. Nc3 a6 6. h3 e6 7. g4 Nc6 8. Be3
Qc7 9. Bg2 Be7 10. O-O O-O 11. Nce2 d5 12. exd5 Nxd5 13. Nxc6 bxc6 14. Bd2 Rd8
15. Qc1 a5 16. c4 Nb4 17. Bf4 e5 18. Be3 f5 19. gxf5 Bxf5 20. Ng3 Bg6 21. Ne4 a4
22. Rd1 Bh5 23. f3 Bg6 24. Qc3 Rxd1+ 25. Rxd1 Nxa2 26. Qe1 Nb4 27. Qg3 Nc2 28.
Bf2 Rd8 29. Rxd8+ Bxd8 30. Qg4 Bf7 31. c5 Nd4 32. f4 h5 33. Qd1 Ne6 34. fxe5
Qxe5 35. Qxa4 Kh7 36. Qxc6 Nf4 37. Qd6 Qxd6 38. Nxd6 Be6 39. Kh2 Nxg2 40. Kxg2
Bd5+ 41. Kg3 h4+ 42. Kh2 Bf6 43. b4 Be5+ 44. Kg1 g5 45. b5 g4 46. Nf7 Bxf7 47.
hxg4 h3 48. b6 h2+ 0-1

[Event "Online Olym Div2 C 2021"]
[Site "chess.com INT"]
[Date "2021.09.02"]
[Round "2.5"]
[Board "2"]
[White "Notkevich, Benjamin Arvola"]
[Black "Doluweera, Minul Sanjula"]
[Result "1-0"]
[WhiteTitle "GM"]
[BlackTitle "FM"]
[WhiteElo "2471"]
[BlackElo "2129"]
[WhiteTeam "Norway"]
[BlackTeam "Sri Lanka"]
[WhiteFideId "1506536"]
[BlackFideId "9910760"]
[EventDate "2021.09.02"]
[EventType "team"]

1. d4 d5 2. c4 e6 3. Nc3 Nf6 4. cxd5 exd5 5. Bg5 c6 6. e3 Be7 7. Bd3 Nbd7 8. Qc2
h6 9. Bh4 Nh5 10. Bxe7 Qxe7 11. O-O-O Nb6 12. Nf3 Bg4 13. Kb1 Nf6 14. Rc1 O-O-O
15. Ne5 Be6 16. Nb5 Kb8 17. Qxc6 Nc4 18. Bxc4 dxc4 19. Qf3 Bd5 20. Qg3 Ka8 21.
f3 Nd7 22. Nc7+ Kb8 23. Nxd5 1-0

[Event "Online Olym Div2 C 2021"]
[Site "chess.com INT"]
[Date "2021.09.02"]
[Round "2.5"]
[Board "3"]
[White "Premanath, Dinushki"]
[Black "Dolzhikova, Olga"]
[Result "0-1"]
[WhiteTitle "WFM"]
[BlackTitle "WGM"]
[WhiteElo "1793"]
[BlackElo "2187"]
[WhiteTeam "Sri Lanka"]
[BlackTeam "Norway"]
[WhiteFideId "9903542"]
[BlackFideId "14105870"]
[EventDate "2021.09.02"]
[EventType "team"]

1. e4 g6 2. d4 Bg7 3. Be3 c6 4. Nc3 d5 5. e5 h5 6. Qd2 Nh6 7. Nf3 Bg4 8. Be2
Bxf3 9. Bxf3 Nf5 10. Bf4 e6 11. O-O-O Nd7 12. g4 hxg4 13. Bxg4 Qa5 14. Bxf5 exf5
15. e6 fxe6 16. Qe2 Kf7 17. Rhg1 Rae8 18. Kb1 e5 19. dxe5 Nxe5 20. Qf1 Nc4 21.
Qd3 Nxb2 22. Kxb2 Qb4+ 23. Kc1 Bxc3 24. Rdf1 Qxf4+ 25. Kd1 Qb4 0-1

[Event "Online Olym Div2 C 2021"]
[Site "chess.com INT"]
[Date "2021.09.02"]
[Round "2.5"]
[Board "4"]
[White "Machlik, Monika"]
[Black "Ranasinghe, S D"]
[Result "1-0"]
[BlackTitle "WIM"]
[WhiteElo "2096"]
[BlackElo "1725"]
[WhiteTeam "Norway"]
[BlackTeam "Sri Lanka"]
[WhiteFideId "1513621"]
[BlackFideId "9902651"]
[EventDate "2021.09.02"]
[EventType "team"]

1. d4 d5 2. c4 e6 3. Nc3 Nf6 4. cxd5 exd5 5. Bg5 Be7 6. e3 h6 7. Bxf6 Bxf6 8.
Bd3 c6 9. Qc2 Be6 10. Nf3 Nd7 11. O-O O-O 12. b4 a6 13. a4 Rc8 14. Qb3 Qe7 15.
b5 c5 16. Nxd5 Bxd5 17. Qxd5 c4 18. Bc2 Nb6 19. Qe4 Qxe4 20. Bxe4 Rc7 21. a5 Nc8
22. b6 Re7 23. Bd5 Nd6 24. Rfc1 Rc8 25. Rc3 g5 26. h3 h5 27. Nd2 Rd8 28. Bxc4
Nf5 29. Nb3 g4 30. hxg4 hxg4 31. g3 Bg5 32. Kg2 Kg7 33. Be2 Nh6 34. Rac1 Rd5 35.
Rc5 Rxc5 36. Rxc5 f5 37. Rc7 Nf7 38. Nc5 Nd8 39. Bc4 Kg6 40. Bd5 Bf6 41. Nxb7
Nf7 42. Bxf7+ Kxf7 43. Nd8+ Ke8 44. Rxe7+ Bxe7 45. b7 Bd6 46. Nc6 Kd7 47. b8=Q
Bxb8 48. Nxb8+ Kc7 49. Nxa6+ Kc6 50. Nc5 Kb5 51. a6 Kb6 52. f3 Ka7 53. fxg4 fxg4
54. e4 Kb6 55. e5 Kc6 56. e6 1-0

[Event "Online Olym Div2 C 2021"]
[Site "chess.com INT"]
[Date "2021.09.02"]
[Round "2.5"]
[Board "5"]
[White "De Silva, L M S T"]
[Black "Kvaloy, Aksel Bu"]
[Result "1-0"]
[WhiteTitle "FM"]
[WhiteElo "2085"]
[BlackElo "2247"]
[WhiteTeam "Sri Lanka"]
[BlackTeam "Norway"]
[WhiteFideId "9953698"]
[BlackFideId "1528815"]
[EventDate "2021.09.02"]
[EventType "team"]

1. e4 e5 2. Nf3 Nc6 3. Bc4 Nf6 4. d3 h6 5. O-O d6 6. c3 g5 7. b4 Bg7 8. Qb3 O-O
9. a4 Ne7 10. Nbd2 Ng6 11. h3 Nf4 12. Nh2 c6 13. Qc2 N6h5 14. Ndf3 d5 15. Bb3
Be6 16. Ng4 Qd7 17. Ngxe5 Qc8 18. Bxf4 Nxf4 19. d4 dxe4 20. Nd2 Bxh3 21. g3 Bxf1
22. Rxf1 Ne2+ 23. Kg2 Bxe5 24. dxe5 Qg4 25. Nxe4 Nf4+ 26. Kg1 Kg7 27. Nf6 Nh3+
28. Kh2 1-0

[Event "Online Olym Div2 C 2021"]
[Site "chess.com INT"]
[Date "2021.09.02"]
[Round "2.5"]
[Board "6"]
[White "Helliesen, Lykke-Merlot"]
[Black "Sanudula, K M Dahamdi"]
[Result "0-1"]
[BlackTitle "WCM"]
[WhiteElo "1722"]
[BlackElo "1717"]
[WhiteTeam "Norway"]
[BlackTeam "Sri Lanka"]
[WhiteFideId "1530950"]
[BlackFideId "9932470"]
[EventDate "2021.09.02"]
[EventType "team"]

1. e4 d5 2. exd5 Qxd5 3. Nc3 Qa5 4. d4 Nf6 5. Nf3 c6 6. Bd2 Qb6 7. Na4 Qc7 8.
Bd3 Bg4 9. h3 Bh5 10. g4 Bg6 11. Qe2 Nbd7 12. c4 e6 13. Nc3 O-O-O 14. a4 Bd6 15.
a5 a6 16. c5 Bf4 17. Na4 Kb8 18. Nb6 Bxd3 19. Qxd3 Nxc5 20. Qc2 Bxd2+ 21. Nxd2
Ncd7 22. Ndc4 Nxb6 23. axb6 Qf4 24. O-O Rxd4 25. Ne3 Nd5 26. Nxd5 Rxd5 27. Rad1
Qf3 28. Rxd5 exd5 29. Qc3 Qxc3 30. bxc3 Re8 31. Rc1 Kc8 32. Kg2 Kd7 33. Kf3 c5
34. Rd1 Kc6 35. Kg3 Re7 36. Rb1 Rd7 37. Kf3 d4 38. cxd4 Rxd4 39. Ke3 Rb4 40. Rc1
Rb3+ 41. Ke4 Rxh3 42. Rb1 Rc3 43. f3 Rc4+ 44. Ke3 Rd4 45. Rb2 Rd7 46. Kf4 c4 47.
Rc2 Kc5 48. Kg5 Re7 49. f4 Kb4 50. f5 Kb3 51. Rc1 c3 52. f6 gxf6+ 53. Kxf6 Rd7
54. Rh1 c2 55. Rh3+ Kb2 56. Rh2 Kb1 57. Rxc2 Kxc2 58. Kg7 a5 59. g5 a4 60. Kxh7
a3 61. Kg7 a2 62. Kg8 a1=Q 63. g6 fxg6 64. Kf8 Qa8# 0-1

[Event "Online Olym Div2 C 2021"]
[Site "chess.com INT"]
[Date "2021.09.02"]
[Round "3.1"]
[Board "1"]
[White "Agdestein, Simen"]
[Black "Stupak, Kirill"]
[Result "1/2-1/2"]
[WhiteTitle "GM"]
[BlackTitle "GM"]
[WhiteElo "2552"]
[BlackElo "2492"]
[WhiteTeam "Norway"]
[BlackTeam "Belarus"]
[WhiteFideId "1500015"]
[BlackFideId "13503758"]
[EventDate "2021.09.02"]
[EventType "team"]

1. d4 Nf6 2. c4 e6 3. Nc3 Bb4 4. e3 b6 5. Ne2 Bb7 6. a3 Be7 7. d5 O-O 8. g3 b5
9. b3 bxc4 10. bxc4 Na6 11. Bg2 Nc5 12. O-O exd5 13. cxd5 Bd6 14. a4 Re8 15. Ba3
Nce4 16. Bxd6 Nxd6 17. Qd4 Ba6 18. Rfb1 Bxe2 19. Nxe2 Qe7 20. Rc1 Rec8 21. Ra2
Nde8 22. Rac2 d6 23. Qh4 Qd8 24. Nd4 Nd7 25. Qxd8 Rxd8 26. Nc6 Nc5 27. a5 Rdb8
28. Nxb8 Rxb8 29. e4 Kf8 30. f3 Rb5 31. Ra1 Nf6 32. Bf1 Rb3 33. Kf2 Nfd7 34. Bc4
Rb4 35. Ra3 Ne5 36. Be2 g5 37. Rac3 Ke7 38. Rxc5 dxc5 39. Rxc5 Kd6 40. Rc3 c5
41. f4 gxf4 42. gxf4 Ng6 43. Ke3 f5 44. e5+ Kxd5 45. Bf3+ Ke6 46. Rxc5 Rb3+ 47.
Kf2 Nxf4 48. Rc7 Nd3+ 49. Ke2 Nf4+ 50. Kf2 Nd3+ 51. Kf1 Nxe5 52. Ba8 Rb1+ 53.
Ke2 Rb2+ 54. Kd1 a6 55. Ra7 Nc4 56. Rxa6+ Ke5 57. Ra7 Rxh2 58. a6 Ra2 59. Bb7
Nb6 60. Bc6 Ra5 61. Kc2 h5 62. Kb3 h4 63. Kb4 Ra1 64. Rh7 Rxa6 65. Kb5 Ra2 66.
Kxb6 Rh2 67. Kc5 Rc2+ 68. Kb5 Rb2+ 69. Kc5 Rc2+ 70. Kb6 Rh2 71. Rh5 Ke6 72. Kc7
f4 73. Bd7+ Kf6 74. Rf5+ Kg6 75. Rxf4 Kg5 76. Rg4+ Kh5 77. Rg8 Rd2 78. Kc6 Rd3
79. Bg4+ Kh6 80. Be6 Kh5 81. Kc5 Rg3 82. Rh8+ Kg5 83. Kd4 Kf6 84. Bc8 Kg5 85.
Ke4 Ra3 86. Rg8+ Kf6 87. Bd7 Ra7 88. Bc6 Rh7 89. Rg1 Rc7 90. Bd5 Ra7 91. Kf4 Rh7
92. Be4 Rh6 93. Bf5 Rh8 94. Ra1 h3 95. Ra6+ Ke7 96. Be4 h2 97. Bh1 Kf7 98. Kg3
Ke7 99. Ra1 Kf6 100. Bg2 Rg8+ 101. Kxh2 Rg7 102. Kg1 Ke5 103. Kf2 Kd4 104. Ra4+
Ke5 105. Bf3 Rc7 106. Re4+ Kf5 107. Re8 Rc2+ 108. Kg3 Rc3 109. Rf8+ Ke5 110. Kg4
Rc7 111. Rf5+ Kd4 112. Kf4 Re7 113. Rd5+ Kc4 114. Be4 Re8 115. Ke3 Rh8 116. Re5
Rh3+ 117. Bf3 Rg3 118. Ke4 Rh3 119. Be2+ Kc3 120. Rc5+ Kd2 121. Bg4 Re3+ 122.
Kf4 Re8 123. Bf5 Rf8 124. Rc2+ Kd1 125. Ra2 Rf7 126. Ke4 Rf8 127. Bg4+ Kc1 128.
Kd3 Kb1 129. Rg2 Rf7 130. Be6 Rf3+ 131. Kc4 Kc1 132. Bd5 Re3 133. Kd4 Ra3 134.
Be4 Ra4+ 135. Ke3 Ra7 136. Rc2+ Kd1 137. Rb2 Rc7 138. Ra2 Rc8 139. Rh2 Kc1 140.
Rg2 Rc7 141. Bd3 Re7+ 142. Kd4 Kd1 143. Kc3 Ke1 144. Bb5 Re6 145. Bc4 Re7 146.
Bd3 Re8 147. Bg6 Re6 148. Bd3 Re8 149. Kd4 Kd1 150. Be4 Rd8+ 151. Ke3 1/2-1/2

[Event "Online Olym Div2 C 2021"]
[Site "chess.com INT"]
[Date "2021.09.02"]
[Round "3.1"]
[Board "2"]
[White "Fedorov, Alexei"]
[Black "Notkevich, Benjamin Arvola"]
[Result "1-0"]
[WhiteTitle "GM"]
[BlackTitle "GM"]
[WhiteElo "2532"]
[BlackElo "2471"]
[WhiteTeam "Belarus"]
[BlackTeam "Norway"]
[WhiteFideId "13500465"]
[BlackFideId "1506536"]
[EventDate "2021.09.02"]
[EventType "team"]

1. e4 c5 2. d3 g6 3. g3 Bg7 4. Bg2 Nc6 5. f4 d6 6. Nf3 Bg4 7. h3 Bxf3 8. Qxf3
Nf6 9. c3 O-O 10. O-O Qc7 11. Be3 Rfc8 12. a4 Rab8 13. Nd2 a6 14. g4 b5 15. axb5
axb5 16. Ra6 Nd7 17. e5 Rb6 18. Rxb6 Nxb6 19. Ne4 b4 20. exd6 exd6 21. f5 bxc3
22. bxc3 Ne5 23. Qg3 Nxd3 24. Qh4 d5 25. fxg6 fxg6 26. Nf6+ Bxf6 27. Qxf6 Qe5
28. Qf7+ Kh8 29. Bh6 1-0